000 00713nam a2200277Ia 4500
005 20260324112711.0
008 008 260324s9999 xx 000 0 eng d
020 _a9781003301202
037 _aEBOOK
040 _aCRL
040 _beng
040 _cCRL
041 _2eng
041 _aeng
084 _qCRL
100 _aPhilip S. Cosgriff; Matthew J. Memmott
_91143788
245 0 _aWriting In-House Medical Device Software in Compliance with EU, UK, and US Regulations
260 _bTaylor and Francis
260 _c2024
365 _a
365 _b210
856 _uhttp://www.taylorfrancis.com/books/9781003301202
942 _cEBOOK
999 _c1733093
_d1733093